|
|
|
|
| LEADER |
00734cam a2200217 7i4500 |
| 001 |
0000039813 |
| 005 |
20170218090000.0 |
| 020 |
|
|
|a 9780205577668
|
| 020 |
|
|
|a 0205577660 (pbk.)
|
| 090 |
0 |
0 |
|a PN4775
|b .K48 2009
|
| 100 |
1 |
|
|a Kershner, James W
|
| 245 |
1 |
4 |
|a The elements of news writing
|c James W. Kershner.
|
| 250 |
|
|
|a 2nd ed.
|
| 260 |
|
|
|a Boston, MA.:
|b Pearson/Allyn and Bacon,
|c 2009.
|
| 300 |
|
|
|a viii, 168 p.;
|c 24 cm.
|
| 500 |
|
|
|a Includes index
|
| 650 |
0 |
0 |
|a Reporters and reporting
|
| 650 |
0 |
0 |
|a Journalism --
|x Authorship
|
| 997 |
|
|
|a Communication, Visual Art & Computing, Faculty
|b Communication, Department
|
| 998 |
|
|
|a Communication (Journalism), Degree
|
| 999 |
|
|
|a 0000016739
|b BOK
|c OPEN SHELF
|e 1st Floor, Bestari Jaya
|